Tartósítószert tartalmazó szemészeti készítmények hatása a szemfelszínre, a tartósítószer-mentes terápia jelentősége

Elmentve itt :
Bibliográfiai részletek
Szerző: Tóth-Molnár Edit
Dokumentumtípus: Cikk
Megjelent: 2021
Sorozat:MEDICALONLINE 05
Tárgyszavak:
mtmt:32460616
Online Access:http://publicatio.bibl.u-szeged.hu/26642
LEADER 00713nab a2200169 i 4500
001 publ26642
005 20230303090138.0
008 230303s2021 hu o 0|| Magyar d
024 7 |a 32460616  |2 mtmt 
040 |a SZTE Publicatio Repozitórium  |b hun 
041 |a Magyar 
100 2 |a Tóth-Molnár Edit 
245 1 0 |a Tartósítószert tartalmazó szemészeti készítmények hatása a szemfelszínre, a tartósítószer-mentes terápia jelentősége  |h [elektronikus dokumentum] /  |c  Tóth-Molnár Edit 
260 |c 2021 
490 0 |a MEDICALONLINE  |v 05 
650 4 |a Klinikai orvostan 
856 4 0 |u http://publicatio.bibl.u-szeged.hu/26642/1/Tartositoszerttartalmazoszemeszetikeszitmenyekhatasaaszemfelszinre.pdf  |z Dokumentum-elérés